Normal view
MARC view
Entry Personal Name
001 - CONTROL NUMBER
- control field: 7983
003 - CONTROL NUMBER IDENTIFIER
- control field: OSt
005 - DATE AND TIME OF LATEST TRANSACTION
- control field: 20110324152617.0
008 - FIXED-LENGTH DATA ELEMENTS
- fixed length control field: 110324|||a|||||| | ||| d
040 ## - CATALOGING SOURCE
- Original cataloging agency: OSt
- Transcribing agency: OSt
100 ## - HEADING--PERSONAL NAME
- Personal name: Kasem language - Texts.
670 ## - SOURCE DATA FOUND
- Source citation: Work cat.: (OSt)40161: Bible League of Ghana. 7981, We ni-duure tono., 1988.
